[Event "GER-ch Net blitz qual4"]
[Site "Playchess.com INT"]
[Date "2021.05.10"]
[Round "9"]
[White "Wiedemann, Jan"]
[Black "Belikan, Thomas"]
[Result "1-0"]
[WhiteElo "1504"]
[BlackElo "1401"]
[PlyCount "63"]
[EventDate "2021.05.10"]
[EventType "swiss (blitz)"]
[EventRounds "11"]
[EventCountry "GER"]
[SourceTitle "CBM 202 Extra"]
[Source "ChessBase"]
[SourceDate "2021.07.31"]
[SourceVersion "1"]
[SourceVersionDate "2021.07.31"]
[SourceQuality "1"]

1. e4 e6 2. d4 d5 3. exd5 exd5 4. Nc3 Nc6 5. Nf3 Bg4 6. Be2 Bb4 7. 0-0 Nge7 8. h3 Bh5 9. a3 Bd6 10. Nb5 0-0 11. Nxd6 Qxd6 12. g3 Rfe8 13. Bf4 Qd7 14. Bb5 Qxh3 15. Qd3 Ng6 16. Ng5 h6 17. Nxh3 Bg4 18. Bxc6 bxc6 19. Kh2 Re4 20. f3 Bxh3 21. Kxh3 Nxf4+ 22. gxf4 Rxf4 23. Rae1 g5 24. Re7 h5 25. Rfe1 Rf8 26. R1e5 g4+ 27. Kh4 gxf3+ 28. Kxh5 Rf6 29. Rg5+ Kh8 30. Kg4 f2 31. Qf1 Rh6 32. Qxf2 1-0

[Event "GER-ch Net blitz qual2"]
[Site "Playchess.com INT"]
[Date "2021.05.04"]
[Round "10"]
[White "Hein, Ralf1111"]
[Black "Wiedemann, Jan"]
[Result "0-1"]
[WhiteElo "1666"]
[BlackElo "1355"]
[PlyCount "78"]
[EventDate "2021.05.04"]
[EventType "swiss (blitz)"]
[EventRounds "11"]
[EventCountry "GER"]
[SourceTitle "CBM 202 Extra"]
[Source "ChessBase"]
[SourceDate "2021.07.31"]
[SourceVersion "1"]
[SourceVersionDate "2021.07.31"]
[SourceQuality "1"]

1. e4 e5 2. Bc4 Bc5 3. c3 d6 4. Nf3 Nf6 5. 0-0 0-0 6. d4 exd4 7. cxd4 Bb6 8. Nc3 Be6 9. d5 Bg4 10. Bg5 h6 11. Bh4 g5 12. Bg3 Nh5 13. Qd3 Nxg3 14. hxg3 Nd7 15. b4 Bxf3 16. gxf3 Ne5 17. Qe2 f5 18. Bb3 fxe4 19. fxe4 g4 20. Bd1 Qg5 21. Kg2 Rf3 22. Na4 Bd4 23. Rb1 Raf8 24. Nb2 Rxf2+ 25. Rxf2 Rxf2+ 26. Qxf2 Bxf2 27. Kxf2 Qd2+ 28. Be2 Qd4+ 29. Kg2 Qxe4+ 30. Kf2 Qxb1 31. Na4 Qxa2 32. Nc3 Qb2 33. Nb5 Qxb4 34. Nxc7 Qd4+ 35. Kf1 Nd3 36. Bxd3 Qxd3+ 37. Kf2 Qc2+ 38. Ke3 Qxc7 39. Kf4 Qc5 0-1

[Event "GER-ch Net blitz qual2"]
[Site "Playchess.com INT"]
[Date "2021.05.04"]
[Round "5"]
[White "Wiedemann, Jan"]
[Black "Lenhard, Alexander"]
[Result "1-0"]
[WhiteElo "1355"]
[BlackElo "1584"]
[PlyCount "99"]
[EventDate "2021.05.04"]
[EventType "swiss (blitz)"]
[EventRounds "11"]
[EventCountry "GER"]
[SourceTitle "CBM 202 Extra"]
[Source "ChessBase"]
[SourceDate "2021.07.31"]
[SourceVersion "1"]
[SourceVersionDate "2021.07.31"]
[SourceQuality "1"]

1. d4 d6 2. e4 c6 3. Nf3 e6 4. Nc3 Nf6 5. Bg5 Be7 6. Bd3 0-0 7. 0-0 Nfd7 8. Bxe7 Qxe7 9. Qe2 e5 10. d5 cxd5 11. Nxd5 Qe8 12. Nc7 Qd8 13. Nxa8 Nc5 14. Bc4 Bg4 15. h3 Bxf3 16. Qxf3 Nc6 17. Rfd1 Qxa8 18. Rxd6 h6 19. c3 Qb8 20. Rad1 Na5 21. Be2 b6 22. b4 Ncb7 23. Rd7 Nc6 24. Bb5 Ncd8 25. Qg3 Qc8 26. Re7 Ne6 27. Bd7 Qd8 28. Rxe6 fxe6 29. Bxe6+ Kh8 30. Rxd8 Rxd8 31. Qxe5 Rd2 32. Qb8+ Nd8 33. Qf4 Rd1+ 34. Kh2 Nxe6 35. Qg4 Ng5 36. Qxd1 Nxe4 37. Qd8+ Kh7 38. Qd3 g6 39. Qxe4 h5 40. Qe7+ Kh6 41. Kg3 a5 42. Kf4 axb4 43. Qg5+ Kh7 44. cxb4 b5 45. Ke5 Kg7 46. Ke6 Kf8 47. Qf6+ Kg8 48. Qf7+ Kh8 49. Kf6 h4 50. Qg7# 1-0

[Event "GER-ch Net blitz qual1"]
[Site "Playchess.com INT"]
[Date "2021.04.24"]
[Round "6"]
[White "Wiedemann, Jan"]
[Black "Fromm, Marius"]
[Result "0-1"]
[WhiteElo "1258"]
[BlackElo "1421"]
[PlyCount "80"]
[EventDate "2021.04.24"]
[EventType "swiss (blitz)"]
[EventRounds "11"]
[EventCountry "GER"]
[SourceTitle "CBM 202 Extra"]
[Source "ChessBase"]
[SourceDate "2021.07.31"]
[SourceVersion "1"]
[SourceVersionDate "2021.07.31"]
[SourceQuality "1"]

1. d4 Nf6 2. Nf3 e6 3. Bg5 d5 4. e3 Be7 5. Bd3 Nbd7 6. 0-0 c5 7. c3 0-0 8. Nbd2 b6 9. Qe2 Bb7 10. h3 Qc7 11. Bf4 Bd6 12. Bxd6 Qxd6 13. Bc2 e5 14. dxe5 Nxe5 15. Nxe5 Qxe5 16. Nf3 Qe7 17. Qd3 Rad8 18. Rad1 Rfe8 19. Qf5 Bc8 20. Qg5 h6 21. Qg3 Ne4 22. Qf4 Bb7 23. Bb3 Rd6 24. c4 Rf6 25. Qh4 dxc4 26. Bxc4 a6 27. a4 Qc7 28. Rd3 Rg6 29. Rfd1 Nd6 30. Qf4 Bxf3 31. Qxf3 Nxc4 32. Rd7 Ne5 33. Qxf7+ Nxf7 34. Rxc7 Ne5 35. f4 Nc4 36. f5 Rxg2+ 37. Kxg2 Nxe3+ 38. Kf3 Nxd1 39. Rd7 Nxb2 40. Rd6 Nxa4 0-1

[Event "GER-ch Net blitz qual1"]
[Site "Playchess.com INT"]
[Date "2021.04.24"]
[Round "7"]
[White "Wiedemann, Jan"]
[Black "Gombert, Reiner"]
[Result "0-1"]
[WhiteElo "1258"]
[BlackElo "1672"]
[PlyCount "64"]
[EventDate "2021.04.24"]
[EventType "swiss (blitz)"]
[EventRounds "11"]
[EventCountry "GER"]
[SourceTitle "CBM 202 Extra"]
[Source "ChessBase"]
[SourceDate "2021.07.31"]
[SourceVersion "1"]
[SourceVersionDate "2021.07.31"]
[SourceQuality "1"]

1. d4 Nf6 2. Nf3 g6 3. Bg5 Bg7 4. e3 d5 5. Bd3 0-0 6. 0-0 c5 7. c3 cxd4 8. exd4 Nc6 9. Nbd2 Bg4 10. h3 Bxf3 11. Nxf3 e6 12. Qd2 Rc8 13. Rae1 a6 14. Ne5 Qc7 15. f4 Nd7 16. g4 b5 17. Nxc6 Qxc6 18. f5 exf5 19. gxf5 Rfe8 20. fxg6 hxg6 21. Qf4 f5 22. h4 Nf6 23. Bxf5 gxf5 24. Qxf5 Rxe1 25. Rxe1 Rf8 26. Qg6 Qd6 27. Bh6 Qd7 28. h5 Qg4+ 29. Qxg4 Nxg4 30. Bxg7 Kxg7 31. Re7+ Rf7 32. Re5 Nxe5 0-1

[Event "GER-ch Net blitz qual1"]
[Site "Playchess.com INT"]
[Date "2021.04.24"]
[Round "2"]
[White "Wiedemann, Jan"]
[Black "Seer, Maurice"]
[Result "1-0"]
[WhiteElo "1258"]
[BlackElo "1620"]
[PlyCount "57"]
[EventDate "2021.04.24"]
[EventType "swiss (blitz)"]
[EventRounds "11"]
[EventCountry "GER"]
[SourceTitle "CBM 202 Extra"]
[Source "ChessBase"]
[SourceDate "2021.07.31"]
[SourceVersion "1"]
[SourceVersionDate "2021.07.31"]
[SourceQuality "1"]

1. d4 Nf6 2. Nf3 e6 3. Bg5 d5 4. c3 h6 5. Bh4 Be7 6. e3 0-0 7. Bd3 b6 8. 0-0 Ba6 9. Bxa6 Nxa6 10. Nbd2 c5 11. Qe2 Nc7 12. Ne5 Nd7 13. Bxe7 Qxe7 14. f4 f6 15. Ng6 Qf7 16. Nxf8 Rxf8 17. Nf3 Qg6 18. Rf2 c4 19. Raf1 Qe4 20. Nd2 Qh7 21. Qg4 f5 22. Qh4 Nf6 23. Rf3 g6 24. Rh3 Kg7 25. Nf3 Nh5 26. Ne5 Ne8 27. Qe7+ Kg8 28. Qxe6+ Kh8 29. Nxg6+ 1-0

[Event "Dortmund Sparkassen op-B 47th"]
[Site "Dortmund"]
[Date "2019.07.15"]
[Round "3"]
[White "Maurer, Rainer1111"]
[Black "Wiedemann, Jan"]
[Result "1/2-1/2"]
[WhiteElo "1827"]
[BlackElo "1719"]
[PlyCount "66"]
[EventDate "2019.07.13"]
[EventType "swiss"]
[EventRounds "9"]
[EventCountry "GER"]
[SourceTitle "CBM 192 Extra"]
[Source "Chessbase"]
[SourceDate "2019.11.06"]
[SourceVersion "1"]
[SourceVersionDate "2019.11.06"]
[SourceQuality "1"]

1. Nf3 Nf6 2. d4 e6 3. g3 Be7 4. Bg2 0-0 5. 0-0 d5 6. c4 c6 7. Qc2 Nbd7 8. Rd1 Ne4 9. Nc3 Ndf6 10. Ne5 Nxc3 11. Qxc3 Ne4 12. Qc2 f5 13. f3 Nf6 14. Be3 Nd7 15. Bf4 Nxe5 16. Bxe5 b6 17. e4 fxe4 18. fxe4 Bb7 19. Rf1 Bf6 20. Bxf6 Rxf6 21. cxd5 cxd5 22. Rxf6 Qxf6 23. e5 Qe7 24. Rc1 Rc8 25. Qd2 Rxc1+ 26. Qxc1 Qb4 27. Qc3 Qxc3 28. bxc3 Ba6 29. Kf2 Kf7 30. Ke3 Ke7 31. Bf3 Kd7 32. Bd1 Kc6 33. Bc2 h6 1/2-1/2

[Event "Mittelfranken-chTB2a 1617"]
[Site "Mittelfranken"]
[Date "2017.03.26"]
[Round "8.7"]
[White "Martin, Hans"]
[Black "Wiedemann, Jan"]
[Result "1/2-1/2"]
[WhiteElo "1767"]
[BlackElo "1665"]
[PlyCount "21"]
[EventDate "2016.10.23"]
[EventType "team-tourn"]
[EventRounds "9"]
[EventCountry "GER"]
[SourceTitle "EXT 2022"]
[Source "ChessBase"]
[SourceDate "2021.10.06"]
[SourceVersion "1"]
[SourceVersionDate "2021.10.06"]
[SourceQuality "1"]
[WhiteTeam "Buechenbach/Roth II"]
[BlackTeam "Heilsbronn"]
[WhiteTeamCountry "GER"]
[BlackTeamCountry "GER"]

1. d4 Nf6 2. c4 e6 3. Nc3 b6 4. Bg5 Be7 5. e3 Bb7 6. Nf3 0-0 7. Bd3 d6 8. 0-0 Nbd7 9. Rc1 h6 10. Bh4 c5 11. d5 1/2-1/2

[Event "Mittelfranken-chTB2a 1516"]
[Site "Mittelfranken"]
[Date "2015.11.22"]
[Round "3.6"]
[White "Herbst, Thomas"]
[Black "Wiedemann, Jan"]
[Result "1-0"]
[WhiteElo "1823"]
[BlackElo "1652"]
[PlyCount "85"]
[EventDate "2015.10.18"]
[EventType "team-tourn"]
[EventRounds "9"]
[EventCountry "GER"]
[SourceTitle "EXT 2020"]
[Source "ChessBase"]
[SourceDate "2019.10.17"]
[SourceVersion "1"]
[SourceVersionDate "2019.10.17"]
[SourceQuality "1"]
[WhiteTeam "Nuernberg SK 1911"]
[BlackTeam "Heilsbronn"]
[WhiteTeamCountry "GER"]
[BlackTeamCountry "GER"]

1. Nf3 Nf6 2. c4 e6 3. g3 b6 4. Bg2 Bb7 5. 0-0 Be7 6. d4 d6 7. Nc3 Nbd7 8. d5 e5 9. e4 0-0 10. Qc2 Re8 11. h3 h6 12. Nh4 Bf8 13. Nf5 Kh7 14. Qe2 g6 15. Ne3 Bg7 16. Qc2 a5 17. Bd2 Ba6 18. a3 Qe7 19. b4 Reb8 20. Rfb1 axb4 21. axb4 Bb7 22. h4 Qd8 23. Bh3 Ne8 24. Kg2 Ndf6 25. f3 Bc8 26. Bxc8 Qxc8 27. Qb2 Ng8 28. Rxa8 Rxa8 29. Ra1 Ne7 30. Rxa8 Qxa8 31. g4 Qa6 32. Qa2 Qxa2 33. Nxa2 c6 34. Nc3 Nc7 35. Kf2 cxd5 36. Nexd5 Ncxd5 37. cxd5 Bf6 38. g5 Bg7 39. Be3 Nc8 40. Na4 f6 41. Nxb6 Na7 42. Nd7 Nb5 43. gxf6 1-0

[Event "Dortmund Sparkassen op-B"]
[Site "Dortmund"]
[Date "2012.07.15"]
[Round "2"]
[White "Wiedemann, Jan"]
[Black "Koch, Detlev"]
[Result "1-0"]
[WhiteElo "1609"]
[BlackElo "1341"]
[PlyCount "91"]
[EventDate "2012.07.14"]
[EventType "swiss"]
[EventRounds "9"]
[EventCountry "GER"]
[SourceTitle "EXT 2014"]
[Source "ChessBase"]
[SourceDate "2013.11.20"]
[SourceVersion "1"]
[SourceVersionDate "2013.11.20"]
[SourceQuality "1"]

1. d4 d5 2. Nf3 Nf6 3. Bf4 e6 4. h3 Bd6 5. Bxd6 cxd6 6. e3 0-0 7. Be2 Qc7 8. 0-0 e5 9. dxe5 dxe5 10. c3 e4 11. Nd4 a6 12. Nd2 Nc6 13. Nxc6 Qxc6 14. c4 Be6 15. cxd5 Bxd5 16. Rc1 Qe6 17. a3 Rac8 18. Qa4 Rc6 19. Rxc6 Qxc6 20. Qxc6 Bxc6 21. Nb3 Bd5 22. Nd4 Rc8 23. Rd1 h6 24. h4 h5 25. Nf5 Rc7 26. Kf1 Rd7 27. Rc1 g6 28. Nd4 Kg7 29. Ke1 Ne8 30. Bd1 Nc7 31. Ba4 b5 32. Bb3 Bxb3 33. Nxb3 Re7 34. Rc6 f5 35. Nc5 a5 36. Nb3 a4 37. Nd4 b4 38. axb4 Nd5 39. Rc4 Nb6 40. Rc5 Ra7 41. Ra5 Rb7 42. Ne6+ Kf6 43. Nc5 Rc7 44. Nxa4 Rc1+ 45. Kd2 Ra1 46. Nxb6 1-0